| 000 | 00613nam a2200241 a 4500 | ||
|---|---|---|---|
| 001 | nice12345678 | ||
| 003 | IN_TiNIC | ||
| 005 | 20260116012104.0 | ||
| 008 | 050524s1971 lona grp 000 0 eng | ||
| 020 |
_a _c547.5 |
||
| 082 | 0 | 0 |
_a940.3 _bBUS |
| 100 | _aBusch, Briton Cooper | ||
| 245 | _aBritain, India, and the Arabs 1914-1921 | ||
| 260 |
_aLondon _bUniversity of California _c1971 |
||
| 300 | _a522p | ||
| 500 | _aincludes index and biblioraphy | ||
| 505 | 2 | _aBibliography, Index | |
| 650 | _aWorld War 1 | ||
| 700 | 1 | _aBusch, Briton Cooper | |
| 902 | _bSRS | ||
| 942 | _cBK | ||
| 999 |
_c5593 _d5593 |
||